| 000 | 01120nam a2200289 a 4500 | ||
|---|---|---|---|
| 001 | 75304 | ||
| 003 | BD-RjUL | ||
| 005 | 20211209082653.0 | ||
| 008 | 190214s1966 nyu 000 0 eng d | ||
| 035 | _a(OCoLC)00513269 | ||
| 035 | _a(BD-RjUL)75522 | ||
| 040 |
_aWSU _cWSU _dUKM _dOCLCQ _dNLGGC _dLVB _dMYG _dBD-RjUL _beng |
||
| 041 | _aeng | ||
| 082 |
_223 _a333.9162095 _bUNC 1966 |
||
| 110 | 2 |
_aUnited Nations. _bEconomic Commission for Asia and the Far East. _9228196 |
|
| 245 | 1 | 2 |
_aA compendium of major international rivers in the ECAFE region / _cUnited Nations. Economic Commission for Asia and the Far East. |
| 260 |
_aNew York : _bUnited Nations, _c1966. |
||
| 300 |
_aiv, 74 p. : _billus. ; _c28 cm. |
||
| 490 | 1 |
_aUnited Nations. Document _vST/ECAFE/SER. F/29 |
|
| 490 | 1 |
_aWater Resources Series ; _vno. 29 |
|
| 500 | _a"United Nations publication sales no. 66.II.F.8" - Verso t.p. | ||
| 650 | 0 |
_aRivers _zAsia. _9228197 |
|
| 830 | 0 |
_aDocument (United Nations) ; _vST/ECAFE/SER. F/29. _9228200 |
|
| 830 | 0 |
_aWater resources series (New York, N.Y.) ; _vno. 29. _9228201 |
|
| 942 |
_2ddc _cBK |
||
| 999 |
_c75304 _d75304 |
||